Largest Ethnic Groups of Several Asian Countries 1 - Statistics

General Stats
  • This quiz has been taken 129 times
  • The average score is 10 of 20
Answer Stats
Country Answer % # % Correct
China Han 91.1% 1 284 446 389
97%
Thailand Han 13.1% 9 000 000
97%
Turkey Turk 78.1% 65 153 132
89%
Thailand Thai 36.4% 25 000 000
88%
Turkey Kurd (incl. Zaza) 14.4% 12 031 734
83%
Indonesia Javanese 40.1% 94 843 073
78%
Indonesia Malay 3.7% 8 753 791
77%
Thailand Isan 29.1% 20 000 000
63%
China Uyghur 0.8% 11 774 538
63%
Indonesia Sundanese 15.5% 36 704 944
42%
China Miao 0.8% 11 067 929
39%
China Zhuang 1.4% 19 568 546
33%
China Hui 0.8% 11 377 914
24%
Turkey Circassian 3.0% 2 509 738
19%
Indonesia Batak 3.6% 8 466 969
16%
Indonesia Madurese 3.0% 7 179 356
16%
Turkey Albanian 1.6% 1 300 728
10%
Turkey Bosniak 2.4% 2 009 458
9%
Thailand Southern Thai 8.0% 5 500 000
7%
Thailand Yuan 10.2% 7 000 000
6%
No matching quizzes found
Score Distribution
Percent of People with Each Score
Percentile by Number Answered
Your Score History
You have not taken this quiz